=LDR 00000nam 2200000 4500 =001 INLIS000000000035088 =005 20130612140953 =008 ***********************************Ind** =035 ##$$0010-061300000035088 =041 ##$$a Ind =082 ##$$a F.Rom.D =090 ##$$a F.Rom.D, Isk c =100 ##$$a Iskandar, Nur ST =245 ##$$a Cinta tanah air, Nur St Iskandar =260 ##$$a 1998 $b Jakarta =300 ##$$a vii, 181 hlm, 20 cm =650 ##$$a Fiksi Dewasa =850 ##$$a NBPNMAT